Responses for Show #1906 - Monday, December 14, 1992

Contestants

[<< previous game]

Paul Voiron, a law clerk from Harvey, Louisiana

Ellen Kurek, a health researcher originally from Port Carbon, Pennsylvania

Sheryl Stein, a program analyst from Arlington, Virginia (whose 1-day cash winnings total $5,300)

[next game >>]

Jeopardy! Round responses

WASHINGTON, D.C.
DAYS OF THE WEEK
LITERATURE
ORGANIZATIONS
1960s ROCK
DON'T KNOCK THE "ROCK"
    $100 6
the Declaration of Independence

Ellen
    $100 2
Sunday

Ellen
    $100 3
Rudyard Kipling

Triple Stumper
    $100 5
OPEC

Sheryl
    $100 1
Elvis Presley

Paul
    $100 23
rock-bottom

Sheryl
    $200 14
the White House

Sheryl
    $200 13
Tuesdays

Sheryl
    $200 4
The Forsyte Saga

Triple Stumper
    $200 8
(Ellen: What is the National Bar Association?)

American Bar Association (or ABA)

SherylEllen
    $200 9
Bob Dylan

Sheryl
    $200 24
the Rock of Gibraltar

Paul
    $300 15
the Lincoln Memorial

Sheryl
    $300 17
Thursday

Paul
    $300 7
Uncle Tom's Cabin

Triple Stumper
    $300 21
the American Lung Association

Triple Stumper
    $300 10
"The Itsy-Bitsy Teeny-Weeny Yellow Polka-Dot Bikini"

Sheryl
    $300 25
the hand that rocks the cradle

Sheryl
    $400 16
Paris

Paul
    $400 18
Wednesday

Sheryl
    $400 20
The Snows of Kilimanjaro

Ellen
    $400 29
Parents without Partners

Ellen
    $400 11
Freddie & the Dreamers

Paul
    $400 26
"Rock of Ages"

Paul
    $500 19
Whistler

Sheryl
    $500 22
(Ellen: What is Friday's?)

Saturday

Ellen
Triple Stumper
    $500 28
(Sheryl: What are the Just So Stories?)

The Twice-Told Tales

Sheryl
    $500 30
Kiwanis

Sheryl
    $500 12
the Stone Poneys

Paul
    $500 27
Rockford

Sheryl

Scores at the first commercial break (after clue 12):

Sheryl Ellen Paul
$800 $0 $1,000

Scores at the end of the Jeopardy! Round:

Sheryl Ellen Paul
$3,300 $300 $2,300

Double Jeopardy! Round responses

"C" IN SCIENCE
HANDWRITING
LAKES & RIVERS
MUSIC
HISTORIC EVENTS
SHAKESPEAREAN ACTORS
    $200 1
a compound

Sheryl
    $200 2
an autograph

Sheryl
    $200 19
the Tiber

Sheryl
    $200 8
Don Quixote

Sheryl
    $200 5
the Mayflower

Ellen
    $400 13
(Sheryl: What is a cosmonaut?)

a comet

SherylPaul
    $400 3
(Ellen: What is Gothic?)

italics

Ellen
Triple Stumper
    $400 20
the Danube

Paul
    $400 9
eight

Sheryl
    $400 6
the Norman

Sheryl
    $600 16
a cyclone

Paul
    $600 4
(Sheryl: What is calligraphy?)
...
(Alex: ...Calligraphy has eleven letters.)

penmanship

Sheryl
Triple Stumper
    $600 21
Nicaragua

Sheryl
    $600 10
the flute

Ellen
    $600 7
the Black Hole of Calcutta

Triple Stumper
    $800 17
(Sheryl: What is calcium?)
(Ellen: What is cartilage?)

collagen

SherylEllenPaul
    $800 24
graphology

Triple Stumper
    $800 22
the Rio Grande

Ellen
    $800 11
a toccato

Ellen
    $1,000 14
The Hundred Years War

Paul
    $800 27
(Ellen: What is Macbeth?)

Romeo & Juliet

Ellen
Triple Stumper
    $1000 18
(Sheryl: What is centrifugal?)

cohesion

Sheryl
Triple Stumper
    $1000 25
the scrivener

Sheryl
    $1,000 23
the Yukon

Ellen
    $1000 12
(Ellen: What is Marie de Lammermoor?)

"Daughter of the Regiment"

Ellen
Triple Stumper
    $1000 15
Garibaldi

Ellen
    $1000 26
Lillie Langtry

Sheryl

Scores at the end of the Double Jeopardy! Round:

Sheryl Ellen Paul
$4,700 $1,700 $5,500

[wagering suggestions for these scores]

Final Jeopardy! Round responses

ROMAN EMPERORS
(Alex: The clue refers to [*], the adopted son of Claudius.)
EllenWho's Caligula?
$1,700
SherylWho is Tiberi Caligula
$2,000
PaulWho was August Cea
$4,000
Nero

Final scores:

Sheryl Ellen Paul
$2,700 $0 $1,500
2-day champion: $8,000 3rd place: a set of reference books from Houghton-Mifflin + Jeopardy! & Wheel of Fortune video games for the Super Nintendo Entertainment System and Sega Genesis system 2nd place: dining room furniture from Keller and Cuthbertson dinnerware

Game dynamics:

Coryat scores:

Sheryl Ellen Paul
$5,200 $1,700 $5,300
22 R,
5 W
(including 1 DD)
10 R
(including 1 DD),
6 W
12 R
(including 1 DD),
0 W

Combined Coryat: $12,200

[game] [game scores] [suggest correction]

Game tape date: Unknown
The J! Archive is created by fans, for fans. Scraping, republication, monetization, and malicious use prohibited; this site may use cookies and collect identifying information. See terms. The Jeopardy! game show and all elements thereof, including but not limited to copyright and trademark thereto, are the property of Jeopardy Productions, Inc. and are protected under law. This website is not affiliated with, sponsored by, or operated by Jeopardy Productions, Inc. Join the discussion at JBoard.tv.